| 000 | 00400cam a2200169ua 4500 | ||
|---|---|---|---|
| 001 | 12145 | ||
| 008 | 040101n1919 II |||gr||||Z||||||eng | ||
| 040 | _aMAIN | ||
| 041 | _aEnglish | ||
| 082 | _a540 DAS | ||
| 100 | _aDAS, R. K. | ||
| 245 | _aINDUSTRIAL CHEMISTRY | ||
| 260 |
_aNEW DELHI _bKALPAZ PUBLICATION _c1919 |
||
| 300 |
_a147: _c22CM. |
||
| 653 | _aChemistry & allied sciences | ||
| 942 | _cBK | ||
| 999 |
_c12097 _d12097 |
||